Giant Rooks - Fight Club - Statistiken

Allgemein
  • Dieses Quiz wurde 8 mal gespielt
  • Das Durchschnittsergebnis liegt bei 279 aus 373
Antwortstatistiken
Antwort % Korrekt
be
100%
been
100%
brain
100%
by
100%
end
100%
feet
100%
floor
100%
head
100%
his
100%
i
100%
I
100%
I`m
100%
in
100%
Instead
100%
i`ve
100%
I`ve
100%
My
100%
my
100%
night
100%
of
100%
Oh
100%
on
100%
pain
100%
pieces
100%
poisoned
100%
Shattered
100%
spine
100%
swallow
100%
talkin
100%
talking
100%
taught
100%
the
100%
The
100%
to
100%
up
100%
can
86%
drown
86%
Floatin
86%
gonna
86%
have
86%
internet
86%
kickin
86%
myself
86%
Now
86%
pay
86%
say
86%
Say
86%
wake
86%
want
86%
what
86%
When
86%
you
86%
adrenaline`s
71%
Adrenaline`s
71%
depth
71%
eyes
71%
joke`s
71%
jokes
71%
keep
71%
Keep
71%
make
71%
shut
71%
stop
71%
this
71%
time
71%
Spice
57%
Yeah
57%
and
43%
`bout
43%
bout
43%
care
43%
depths
43%
Don`t
43%
don`t
43%
face-up
43%
fists
43%
game
43%
it
43%
kicking
43%
listenin
43%
mercy
43%
nobody`s
43%
they
43%
Throwin
43%
til
43%
tonight
43%
top
43%
your
43%
adored
29%
beggin
29%
but
29%
Everybody
29%
first
29%
Floating
29%
for
29%
last
29%
nobody`s
29%
run
29%
scream
29%
tryna
29%
words
29%
world
29%
all
14%
as
14%
fun
14%
i`ma
14%
I`ma
14%
shoot
14%
spoil
14%
You`ll
14%
I´m
0%
listein
0%
pin
0%
Keine übereinstimmenden Quizze gefunden
Verteilung der Resultate
Anzahl Personen mit jedem Resultat
Perzentil nach korrekt beantworteten Fragen
Ihre Resultats-Entwicklung
Sie haben dieses Quiz noch nicht gespielt